DRAVYAGUNNA ADHAR-1 (Record no. 22870)

MARC details
000 -LEADER
fixed length control field 00373nam a22001697a 4500
003 - CONTROL NUMBER IDENTIFIER
control field SGT
020 ## - INTERNATIONAL STANDARD BOOK NUMBER
International Standard Book Number 9789352702350
082 ## - DEWEY DECIMAL CLASSIFICATION NUMBER
Classification number 615.53
Item number D18D
100 ## - MAIN ENTRY--PERSONAL NAME
Personal name DHIMAN, SONIA
245 ## - TITLE STATEMENT
Title DRAVYAGUNNA ADHAR-1
250 ## - EDITION STATEMENT
Edition statement 1ST
260 ## - PUBLICATION, DISTRIBUTION, ETC. (IMPRINT)
Place of publication, distribution, etc NEW DELHI
Name of publisher, distributor, etc JAYPEE PUB.
Year of Publication 2018
300 ## - PAGE DESCRIPTION
No. of Pages 296
650 ## - SUBJECT ADDED ENTRY--TOPICAL TERM
Topical term or geographic name as entry element DRAVYAGUNNA VIGYAN
653 ## - KEYWORDS--INDEX TERM
Keyword term DRAVYAGUNNA
942 ## - ADDED ENTRY ELEMENTS (KOHA)
Source of classification or shelving scheme Dewey Decimal Classification
Koha item type Books
942 ## - ADDED ENTRY ELEMENTS (KOHA)
-- 34
Holdings
Withdrawn status Lost status Source of classification or shelving scheme Damaged status Not for loan Collection code Home library Current library Shelving location Date acquired Vendor Name Cost, normal purchase price Volume Information (Serial or Books or Non-Book Material) SGTU Bill Number Total Checkouts Total Renewals Full call number Accession No. (Barcode) Date last seen Date last borrowed Bill Date Koha item type Use restrictions Checked out
    Dewey Decimal Classification     AYURVEDA SGT FA-FP Library SGT FA-FP Library Text Book 20/06/2022 AHUJA PUBLICATION 595.00 1 SGTU 14473 15 3 615.53 D18D FA11346 22/01/2026 22/01/2026 19/05/2022 Books    
    Dewey Decimal Classification     AYURVEDA SGT FA-FP Library SGT FA-FP Library Reference Book 20/06/2022 AHUJA PUBLICATION 595.00 1 SGTU 14473     615.53 D18D FA11347 20/06/2022   19/05/2022 Books Restricted Access  
    Dewey Decimal Classification     AYURVEDA SGT FA-FP Library SGT FA-FP Library Text Book 20/06/2022 AHUJA PUBLICATION 595.00 1 SGTU 14473 21   615.53 D18D FA11348 22/01/2026 22/01/2026 19/05/2022 Books    
    Dewey Decimal Classification     AYURVEDA SGT FA-FP Library SGT FA-FP Library Text Book 20/06/2022 AHUJA PUBLICATION 595.00 1 SGTU 14473 23   615.53 D18D FA11349 29/05/2026 29/05/2026 19/05/2022 Books   12/06/2026
    Dewey Decimal Classification     AYURVEDA SGT FA-FP Library SGT FA-FP Library Text Book 20/06/2022 AHUJA PUBLICATION 595.00 1 SGTU 14473 22   615.53 D18D FA11350 09/01/2026 25/12/2025 19/05/2022 Books